| 000 | 00920nam a2200241Ii 4500 | ||
|---|---|---|---|
| 003 | JO-AjNU | ||
| 008 | 230605s9999||||xx |||||||||||||| ||und|| | ||
| 017 | _a2008/21858 | ||
| 020 | _a977-282-388-8 | ||
| 040 |
_aJO-AjNU _bara _erda _cJO-AjNU |
||
| 041 | _aara | ||
| 050 | 1 | 4 | _aHG4028 2009 |
| 100 | 3 |
_aتأليف: هاميلتون، بريان ؛ ترجمة: هدى خربوشة ؛ مراجعة: محمد وفائي كامل, _eauthor _934102 |
|
| 245 | 0 | 0 | _aتمويل المشروع الصغير= Financing for the Small Business |
| 250 | _aط 1العربية | ||
| 264 | 3 | 1 | _aالقاهرة: الدار الدولية للاستثمارات الثقافية، 2009 |
| 300 | _a39ص | ||
| 336 |
_atext _btxt _2rdacontent |
||
| 337 |
_aunmediated _bn _2rdamedia |
||
| 338 |
_avolume _bnc _2rdacarrier |
||
| 490 | 0 | _aسلسلة الادارة للمشروعات الصغيرة | |
| 650 | 4 |
_aالتمويل _934103 |
|
| 999 |
_aA13946 _c17514 _d17514 |
||